Postavenie konateľov a spoločníkov - zdravotné a sociálne poistenie

Postavenie konateľov a spoločníkov, obchodné záväzkové vzťahy, ako aj niektoré iné vzťahy súvisiace s podnikaním upravuje zákon č. 513/1991 Zb. Obchodný zákonník. Za účelom podnikania môžu byť založené také druhy obchodných spoločností ako verejná obchodná spoločnosť, komanditná spoločnosť, spoločno...

Ausführliche Beschreibung

Gespeichert in:
Bibliographische Detailangaben
1. Verfasser: Matlovičová, Iveta
Format: Buchkapitel
Sprache:Slowakisch
Schlagworte:
Tags: Tag hinzufügen
Keine Tags, Fügen Sie das erste Tag hinzu!

MARC

LEADER 00000naa a2200000 4500
001 0312154
005 20250911074458.8
041 0 |a slo 
044 |a SK 
245 1 0 |a Postavenie konateľov a spoločníkov - zdravotné a sociálne poistenie  |c Iveta Matlovičová 
520 |a Postavenie konateľov a spoločníkov, obchodné záväzkové vzťahy, ako aj niektoré iné vzťahy súvisiace s podnikaním upravuje zákon č. 513/1991 Zb. Obchodný zákonník. Za účelom podnikania môžu byť založené také druhy obchodných spoločností ako verejná obchodná spoločnosť, komanditná spoločnosť, spoločnosť s ručením obmedzeným, akciová spoločnosť a jednoduchá spoločnosť na akcie. S pôsobením obchodných spoločností priamo súvisí aj postavenie spoločníkov a konateľov obchodných spoločností. 
610 2 0 |a konatelia 
610 2 0 |a spoločníci 
610 2 0 |a poistenie zdravotné 
610 2 0 |a poistenie sociálne 
610 2 0 |a spoločnosti obchodné 
610 2 0 |a vzťahy obchodné záväzkové 
610 2 0 |a podnikanie 
610 2 0 |a zákonník obchodný 
610 2 0 |a legislatíva 
100 1 |a Matlovičová, Iveta